| 000 | 00716nam a22002057a 4500 | ||
|---|---|---|---|
| 999 |
_c65708 _d65708 |
||
| 005 | 20240530110839.0 | ||
| 008 | 191216s1993 ua a f 000 0 ara d | ||
| 017 | _bمصر. دار الكتب | ||
| 040 |
_aEG-CaGPL _cEG-CaGPL |
||
| 082 | 0 | 4 |
_221 _a915.4 _bق/م هـ |
| 100 | 0 | _aالمجلس الهندى للعلاقات الثقافية | |
| 245 | 1 | 2 |
_aالهند ومصر : _bتاثيرات وتفاعلات / _cالمجلس الهندى للعلاقات الثقافية |
| 260 | _aالقاهرة : | ||
| 300 |
_a133ص. : _bايض. ؛ _c27 سم. |
||
| 650 | 0 | 7 |
_2qrmak _aالهند _vتاريخ _zمصر |
| 651 | _2qrmak | ||
| 653 | _aالهند | ||
| 942 |
_2ddc _cBK |
||